| Tag |
First Indicator |
Second Indicator |
Subfields |
| LEADER |
00000cam a2200000 i 4500 |
| 001 |
in00004076166 |
| 005 |
20190718163704.0 |
| 006 |
m o d f |
| 007 |
cr mn||||||||| |
| 008 |
190211s2008 mdu os f000 0 eng c |
| 035 |
|
|
|a (OCoLC)on1085364185
|
| 040 |
|
|
|a GPO
|b eng
|e rda
|e pn
|c GPO
|d MvI
|d UtOrBLW
|
| 042 |
|
|
|a pcc
|
| 043 |
|
|
|a n-us---
|
| 049 |
|
|
|a WWW
|
| 074 |
|
|
|a 0524-A-12 (online)
|
| 086 |
0 |
|
|a HE 25.2:Q 4/C 43
|
| 245 |
0 |
0 |
|a Fathers and child support.
|
| 264 |
|
1 |
|a Gaithersburg, MD :
|b U.S. Department of Health and Human Services, Administration for Children and Families, Office of Family Assistance, National Responsible Fatherhood Clearinghouse,
|c 2008.
|
| 300 |
|
|
|a 1 online resource (5 pages).
|
| 336 |
|
|
|a text
|b txt
|2 rdacontent
|
| 337 |
|
|
|a computer
|b c
|2 rdamedia
|
| 338 |
|
|
|a online resource
|b cr
|2 rdacarrier
|
| 490 |
0 |
|
|a NRFC quick statistics
|
| 500 |
|
|
|a "March 2008"--Page 1.
|
| 588 |
|
|
|a Description based on online resource; title from PDF caption (NRFC website, viewed Feb. 11, 2019).
|
| 650 |
|
0 |
|a Child support
|z United States
|v Statistics.
|
| 650 |
|
0 |
|a Absentee fathers
|z United States
|v Statistics.
|
| 650 |
|
0 |
|a Divorced fathers
|z United States
|v Statistics.
|
| 655 |
|
7 |
|a Statistics.
|2 lcgft
|0 http://id.loc.gov/authorities/genreForms/gf2014026181
|
| 710 |
2 |
|
|a National Responsible Fatherhood Clearinghouse (U.S.),
|e issuing body.
|0 http://id.loc.gov/authorities/names/no2018142614
|
| 856 |
4 |
0 |
|u https://purl.fdlp.gov/GPO/gpo116024
|t 0
|
| 999 |
f |
f |
|s b4600731-0133-3a80-80d4-76cf84899138
|i 295b4cff-122c-3965-b978-2beed5d85983
|t 0
|
| 952 |
f |
f |
|a Texas A&M University
|b College Station
|c Electronic Resources
|d Available Online
|t 0
|e HE 25.2:Q 4/C 43
|h Superintendent of Documents classification
|
| 998 |
f |
f |
|a HE 25.2:Q 4/C 43
|t 0
|l Available Online
|